000 01339 aa a2200277 4500
005 2009062202472.0
008 080903t xxu||||| |||| 00| 0 hin d
010 _aHIN-87048
020 _a8189379070
_c200.00
035 _aHN-59394
037 _bDBAD / PUB
040 _adpl
_bhn
082 _a240.31
100 _aमित्तल, महेन्द्र
245 _aभगवान महावीर:
_b(जैन धर्म के 24वें तीर्थंकर) /
_cमहेन्द्र मित्तल
246 _aBhagvan Mahavir ;Jain Dharam ke 24 ven teerthankara
_bby Mahender Mittal
260 _aदिल्ली
_bलर्निग ट्री पब्लिशर्स
_c2009
270 _a1376,ग्राउण्ड फ्लोर,कश्मीरी गेट
_bदिल्ली
_e110006
300 _a136पृ
_c22 सेमी (सजिल्द)
600 _aमहावीर
600 _aMahavir
650 _aजैन धर्म
650 _aJainism
942 _adpl
_cHN
_k240.31 / मित्तल
_2ddc
_h240.31
_mमित्तल
999 _c27750
_d27750